000 00688nam a2200289Ia 4500
005 20260324133138.0
008 008 260324s9999 xx 000 0 eng d
020 _a9780429232923
037 _aEBOOK
040 _aCRL
040 _beng
040 _cCRL
041 _2eng
041 _aeng
084 _qCRL
100 _aTatiana Teslenko
_91191970
245 0 _aFeminist Utopian Novels of the 1970s
245 0 _bJoanna Russ and Dorothy Bryant
260 _bTaylor and Francis
260 _c2003
365 _a
365 _b230
856 _uhttp://www.taylorfrancis.com/books/9780429232923
942 _cEBOOK
999 _c1790756
_d1790756